Responses for National College Championship game #7 - Friday, February 11, 2022

2022 National College Championship quarterfinal game 7.

Contestants

[<< previous game]

Kaden Lee, a junior at the University of Washington in Seattle, Washington

Liz Feltner, a senior at Northeastern University in Boston, Massachusetts

Jess Agyepong, a senior from Howard University in Washington, D.C.

[next game >>]

Jeopardy! Round responses

COMMENCEMENT
2 WORDS TO COMPLETE THE PHRASE
THE 1920s
ALL SORTS OF BOOKS
OUTDOOR ACTIVITIES
FAMOUS AQUARIANS
    $200 30
the marathon

Jess
    $200 29
make lemonade

Kaden
    $200 27
jazz

Liz
    $200 23
Sherwood Forest

Jess
    $200 28
picnic

Jess
    $200 26
(Oprah) Winfrey

Jess
    $400 19
the Rhodes Scholarship

Jess
    $400 20
I conquered

Kaden
    $400 21
a flapper

Jess
    $400 22
the Cultural Revolution

Kaden
    $400 24
apples

Liz
    $400 25
(Jess: Who is Jordan? Or Michael B. J--or [*]?)

Michael Jordan

Jess
    $600 18
the Rock & Roll Hall of Fame

Liz
    $600 17
no excuse

Jess
    $600 16
Chanel

Jess
    $600 13
Dreamers

Liz
    $600 12
a sprinkler

Liz
    $600 15
Shahidi

Jess
    $4,800 9
(Jess: What is the Apollo?)

Project Mercury

Jess
    $800 10
phone home

Kaden
    $800 2
Robert Todd Lincoln

Triple Stumper
    $800 4
CRISPR

Jess
    $800 11
(Kaden: What is wakeboarding?)

wakesurfing

Kaden
Triple Stumper
    $800 14
The Weeknd

Jess
    $1000 8
(Kaden: Who is Wilson?)

Taft

JessKaden
    $1000 7
no harm

Jess
    $1000 1
the Lost Generation

Jess
    $1000 3
The Alchemist

Kaden
    $1000 5
cross country

Triple Stumper
    $1000 6
Questlove

Jess

Scores at the first commercial break (after clue 15):

Jess Liz Kaden
$1,400 $1,200 $0

Scores at the end of the Jeopardy! Round:

Jess Liz Kaden
$4,600 $2,400 $1,000

Double Jeopardy! Round responses

ON THE MAP
NOTABLE AFRICAN AMERICANS
DOUBLE LETTERS WITHIN
HORROR FILMS
DOCTOR
W.H.O.
(Mayim: The World Health Organization.)
    $400 25
(Kaden: What is Dublin?)

Belfast

Kaden
Triple Stumper
    $400 11
MLK (Martin Luther King, Jr.)

Jess
    $400 26
flutter

Liz
    $400 27
(Mayim: That's correct, and that will tie you for first place.)

The Shining

Liz
    $400 28
Madame Bovary

Liz
    $400 30
the UN

Jess
    $1,600 24
(Kaden: What... is...)

Colombia

Kaden
    $800 8
the NAACP

Kaden
    $800 6
goggles

Jess
    $800 22
(Mayim: Correct, the pun on Dawn of the Dead.)

Shaun of the Dead

Kaden
    $800 15
Catch-22

Kaden
    $800 29
malaria

Kaden
    $1200 2
Edmonton

Triple Stumper
    $1200 4
(Clarence) Thomas

Liz
    $1200 5
bittersweet

Triple Stumper
    $1200 9
Don't Breathe

Triple Stumper
    $3,000 13
[Putting her hand to the side of her face in contemplation of the clue]
(Jess: Uhh...)
[Taking her hand away quickly]
(Jess: [Quietly to herself] I can't touch my face. [Responding] What is malaria? [Quietly to herself] That's not right.)

The Plague

Jess
    $1200 17
epidemiologist

Kaden
    $1600 1
Kazakhstan

Kaden
    $1600 3
Powell

Jess
    $1600 20
coffers

Liz
    $1600 10
(Sam) Raimi

Jess
    $1600 12
(Kaden: What is Of Mice and Men?)
(Jess: What is Grapes of Wrath?)

Cannery Row

JessKaden
Triple Stumper
    $1600 16
Syria

Jess
    $2000 23
(Jess: What is the Sahel?)

the Maghreb

Jess
Triple Stumper
    $2000 7
(Phyllis) Wheatley

Jess
    $2000 21
dressage

Liz
    $2000 19
Midsommar

Jess
    $2000 14
(Kaden: What is Ghosts?)

An Enemy of the People

Kaden
Triple Stumper
    $2000 18
Asclepius

Kaden

Scores at the end of the Double Jeopardy! Round:

Jess Liz Kaden
$8,400 $8,400 $3,400

[wagering suggestions for these scores]

Final Jeopardy! Round responses

WORD ORIGINS
[ZergCam]
KadenWhat is Vandalism?
$0
LizWhat is Vandalism?
$8,400
JessWhat is Gaulic?
$8,400
vandalism

Final scores:

Jess Liz Kaden
$0 $16,800 $3,400
3rd place: $10,000 Winner: semifinalist 2nd place: $10,000

Game dynamics:

Coryat scores:

Jess Liz Kaden
$16,200 $8,400 $5,000
24 R,
4 W
(including 2 DDs)
11 R,
0 W
12 R,
6 W
(including 1 DD)

Combined Coryat: $29,600

[game clues] [game scores] [suggest correction]

Game tape date: 2021-11-21
The J! Archive is created by fans, for fans. Scraping, republication, monetization, and malicious use prohibited; this site may use cookies and collect identifying information. See terms. The Jeopardy! game show and all elements thereof, including but not limited to copyright and trademark thereto, are the property of Jeopardy Productions, Inc. and are protected under law. This website is not affiliated with, sponsored by, or operated by Jeopardy Productions, Inc. Join the discussion at JBoard.tv.